| 000 | 00616nam a2200181 i 4500 | ||
|---|---|---|---|
| 001 | 25510 | ||
| 003 | ES-MaACL | ||
| 005 | 20250828072602.0 | ||
| 007 | t| | ||
| 008 | 021226s1972 sp ||||1| spa d | ||
| 100 | 1 |
_aArco, José Luis del. _922501 |
|
| 245 | 1 | 3 |
_aEl nuevo reglamento de cooperación _b: génesis y breve análisis crítico / _cJosé Luis del Arco. |
| 260 |
_aZaragoza : _bCentro Nacional de Educación Cooperativa, _c1972. |
||
| 300 |
_a115 p. ; _c22 cm. |
||
| 710 | 2 |
_aCentro Nacional de Educación Cooperativa (España) _92764 |
|
| 852 |
_aES-MaACL _jC-47982 _bR.84025 |
||
| 999 |
_c25510 _d25510 |
||